|
|
|
|
| LEADER |
01261nam a2200313 a 4500 |
| 001 |
27487 |
| 003 |
BD-DhAAL |
| 005 |
20130923154030.0 |
| 008 |
130923s2009 gw a b 001 0 eng |
| 010 |
|
|
|a 2008936877
|
| 020 |
|
|
|a 9783540707127 (acidfree paper)
|
| 040 |
|
|
|a DLC
|c DLC
|d DLC
|d BD-DhAAL
|
| 050 |
0 |
0 |
|a QA274
|b .G37 2009
|
| 082 |
0 |
0 |
|a 519.2/3
|2 22
|
| 100 |
1 |
|
|a Gardiner, C. W.
|q (Crispin W.),
|d 1942-
|9 3191
|
| 245 |
1 |
0 |
|a Stochastic methods :
|b a handbook for the natural and social sciences /
|c Crispin W. Gardiner.
|
| 250 |
|
|
|a 4th ed.
|
| 260 |
|
|
|a Berlin :
|b Springer,
|c c2009.
|
| 300 |
|
|
|a xvii, 447 p. :
|b ill. ;
|c 25 cm.
|
| 490 |
0 |
|
|a Springer series in synergetics
|
| 490 |
0 |
|
|a Springer complexity
|
| 500 |
|
|
|a Rev. ed. of: Handbook of stochastic methods for physics, chemistry, and the natural sciences. 3rd ed. c2004.
|
| 504 |
|
|
|a Includes bibliographical references (p. [429]-433) and indexes.
|
| 541 |
|
|
|e 27487
|
| 650 |
|
0 |
|a Stochastic processes.
|9 3192
|
| 700 |
1 |
|
|a Gardiner, C. W.
|q (Crispin W.),
|d 1942-
|9 3193
|
| 942 |
|
|
|2 ddc
|c BK
|
| 999 |
|
|
|c 14001
|d 14001
|
| 952 |
|
|
|0 0
|1 0
|2 ddc
|4 0
|6 519_230000000000000_GAR
|7 0
|9 23456
|a BRACUL
|b BRACUL
|c GEN
|d 2013-09-23
|e Trim Education
|l 1
|m 4
|o 519.23 GAR
|p 3010027487
|r 2016-12-19
|s 2016-11-27
|t 1
|w 2013-09-23
|y BK
|